Mujer, fotografía e historia : vínculos en Latinoamérica /

Bibliographic Details
Main Author: Niedermaier, Alejandra (Author)
Format: Electronic eBook
Language:Spanish
Published: Bogotá : Editorial UTADEO, [2024]
Edition:Primera edición.
Subjects:
Online Access:Digitalia Hispánica

MARC

LEADER 00000nam a2200000Ii 4500
001 DIGEJTLOZ207
003 NyNyDIG
006 m o d
007 cr |||||||||||
008 241203s2024 ck abo ob 000 0 spa d
035 |a (OCoLC)1472981007 
040 |a DGITA  |b eng  |e rda  |e pn  |c DGITA 
020 |a 9789587253641  |q digital 
020 |z 9789587253634  |q impreso 
024 7 |a https://doi.org/10.21789/9789587253634  |2 doi 
043 |a cl----- 
050 1 4 |a TR27.5 ebook 
100 1 |a Niedermaier, Alejandra,  |e author. 
245 1 0 |a Mujer, fotografía e historia :  |b vínculos en Latinoamérica /  |c Alejandra Niedermaier. 
250 |a Primera edición. 
264 1 |a Bogotá :  |b Editorial UTADEO,  |c [2024] 
300 |a 1 online resource :  |b illustrations, photographs, maps. 
336 |a text  |b txt  |2 rdacontent 
337 |a computer  |b c  |2 rdamedia 
338 |a online resource  |b cr  |2 rdacarrier 
347 |a text file  |2 rdaft 
347 |b PDF 
504 |a Includes bibliographical references. 
588 0 |a Online resource; title from PDF title page (Digitalia, viewed December 3, 2024) 
650 0 |a Women photographers  |x History  |z Latin America. 
650 0 |a Photography  |z Latin America  |x History. 
791 2 |a Digitalia (Firm),  |e distributor. 
793 0 |g Digitalia eBook Collection:  |a Editorial Jorge Tadeo Lozano 
776 0 8 |i Print version:  |a Niedermaier, Alejandra.  |t Mujer, fotografía e historia.  |b Primera edición.  |d Bogotá : Editorial UTADEO, [2024]  |z 9789587253634 
856 4 0 |3 Digitalia Hispánica  |u https://www.digitaliapublishing.com/a/162832/ 
910 |a Premium collection: 2024